000 01094nam a2200277 c 4500
999 _c344341
_d344341
003 BLK
005 20210722133517.0
008 180911b bul|||||r ||||||| ||bul||
010 _a004006
040 _aBLK
041 _aSER
_cBUL
080 _z886.1.09
100 1 _aПОПОВИЧ, Павле
_eпърви автор
_9397607
245 0 0 _aПреглед српске кньижевности
246 _aСтара кньижевност ; Нар. кньижевност ; Дубровачка кньижевност
260 _aБеоград
_bштамп. Давидович
_c1909
300 _aХХIV, 486 с
_c18 см
380 _a82
490 _aЧастна колекция - Академик Михаил Арнаудов
_gДарение - Основен фонд
500 _aМихаил Арнаудов: на други лица-книга. - Библ. № 475 и печат на библиотеката в Пирот.
655 _aЛитературознание
_9396446
700 1 _aПопович, Павле
_9398591
852 _aМА 1919
942 _cKNG
_n0
_s1
944 _aCR
_c1996
_kValK
999 _d344341